00573pam a2200157 a 4500020000500000041000500005082002800010100001300038245005100051260004000102300001200142700001400154930000900168999001900177952021900196 c h a658.79999999999995bSTE aStein,B. aYes You Can Time The MarkethTextual Documents aNew YorkbJohn Wiley And Sonsc2003 aXII/193 aDemuth,P. a9108 c115934d115934 001040708GeneralaAKSbAKScAKS-MBA-CIR-Rack-7d2011-09-13eBharati Madhyavarti Sahakari Grahakbhandar Limitedg1190.00l2o658.79999999999995 STEpAKS-M-10434r2026-01-02 00:00:00s2025-12-26t1w2023-03-01yBK